000 00752nam a2200229 u 4500
005 20240910063900.0
008 111122s2004 es r 000 0 spa d
020 _a9788421698501
035 _aUPN01000182574
049 _aI
050 4 _aPZ8.9
_bP3.5 2004
100 1 _aPark, Barbara,
_d1947-
_931814
245 1 0 _aJunie B. Jones no es una ladrona /
_cBárbara Park ; il. Denise Brunkus ; tr. Begoña Oro.
250 _a5a ed.
260 _aMadrid :
_bBruño,
_cc2004.
300 _a89 p. :
_bil.
440 0 _aJunie B. Jones.
_pLa niña más superdivertida ;
_v8
534 _pTítulo original:
_tJunie B. Jones is not a crook
650 4 _aCuentos infantiles estadounidenses
_910762
650 4 _aDiarios y niños
_912416
905 _aInfantil
999 _c154677
_d154677